000 00308nam a22000977a 4500
008 231128b |||||||| |||| 00| 0 eng d
082 _aP /
_bRODR
100 _aRodriguez, Antonio Orlando
_eAutor
_942855
245 _aEl rock de la momia:
_bY otros versos diversos /
_cAntonio Orlando Rodriguez
942 _2ddc
999 _c30409
_d16793